Online katalóg knižníc regiónu Turca

Divadelné zápisky (Record no. 20942)

MARC details
000 -LEADER
fixed length control field 01915cam a2200541 a 4500
001 - CONTROL NUMBER
control field 20942
003 - CONTROL NUMBER IDENTIFIER
control field VRT
005 - DATE AND TIME OF LATEST TRANSACTION
control field 20260207110638.0
008 - FIXED-LENGTH DATA ELEMENTS--GENERAL INFORMATION
fixed length control field 250312s1947 xo f 000 0 slo c
015 ## - NATIONAL BIBLIOGRAPHY NUMBER
National bibliography number SNBA19451955-010036
035 ## - SYSTEM CONTROL NUMBER
System control number SK01SNKBKSFS20010085660
035 ## - SYSTEM CONTROL NUMBER
System control number urn:nbn:sk:snk-am3hroz
035 ## - SYSTEM CONTROL NUMBER
System control number 87CEB1CE-BEC5-4BBA-90DB-10D8CF6AEBF1
035 ## - SYSTEM CONTROL NUMBER
System control number urn:nbn:sk:snk-am00d6w7
035 ## - SYSTEM CONTROL NUMBER
System control number SKM000088123
039 #9 - LEVEL OF BIBLIOGRAPHIC CONTROL AND CODING DETAIL [OBSOLETE]
Level of rules in bibliographic description 202503121333
Level of effort used to assign nonsubject heading access points VLOAD
Level of effort used to assign subject headings 202011062039
Level of effort used to assign classification csnkv18
Level of effort used to assign subject headings 202010251458
Level of effort used to assign classification msvkbb06
Level of effort used to assign subject headings 202009221532
Level of effort used to assign classification csnkv18
040 ## - CATALOGING SOURCE
Original cataloging agency SNK
Language of cataloging slo
Transcribing agency SNK
Description conventions AACR2
041 0# - LANGUAGE CODE
Language code of text/sound track or separate title slo
044 ## - COUNTRY OF PUBLISHING/PRODUCING ENTITY CODE
MARC country code xo
ISO country code SK
072 #7 - SUBJECT CATEGORY CODE
Subject category code 792
Subject category code subdivision Divadlo. Divadelné predstavenia
Source konspekt
080 ## - UNIVERSAL DECIMAL CLASSIFICATION NUMBER
Universal Decimal Classification number 792
Edition identifier 2011
080 ## - UNIVERSAL DECIMAL CLASSIFICATION NUMBER
Universal Decimal Classification number (048.8)
Edition identifier 2011
080 ## - UNIVERSAL DECIMAL CLASSIFICATION NUMBER
Universal Decimal Classification number (0:82-4)
Edition identifier 2011
100 1# - MAIN ENTRY--PERSONAL NAME
Personal name Rampák, Zoltán,
Dates associated with a name 1920-1998
Relationship aut
245 10 - TITLE STATEMENT
Title Divadelné zápisky
Remainder of title úvahy o ideových a umeleckých tendenciách slovenského divadla
Statement of responsibility, etc. Zoltán Rampák
250 ## - EDITION STATEMENT
Edition statement Vyd. prvé
260 ## - PUBLICATION, DISTRIBUTION, ETC.
Place of publication, distribution, etc. Turčiansky Sv. Martin
Name of publisher, distributor, etc. Matica slovenská
Date of publication, distribution, etc. 1947
Place of manufacture Turčiansky Sv. Martin
Manufacturer Neografia
300 ## - PHYSICAL DESCRIPTION
Extent 146, [5] s.
Dimensions 20 cm
490 0# - SERIES STATEMENT
Series statement Essaye
Volume/sequential designation sv. 1
500 ## - GENERAL NOTE
General note Viaz.
650 07 - SUBJECT ADDED ENTRY--TOPICAL TERM
Topical term or geographic name entry element slovenské divadlo
Source of heading or term SNKPH
650 07 - SUBJECT ADDED ENTRY--TOPICAL TERM
Topical term or geographic name entry element Slovak theater
Source of heading or term SNKPHeng
655 #7 - INDEX TERM--GENRE/FORM
Genre/form data or focus term štúdie
Source of term SNKPH
655 #7 - INDEX TERM--GENRE/FORM
Genre/form data or focus term eseje
Source of term SNKPH
655 #7 - INDEX TERM--GENRE/FORM
Genre/form data or focus term Studies
Source of term SNKPHeng
655 #7 - INDEX TERM--GENRE/FORM
Genre/form data or focus term Essays
Source of term SNKPHeng
700 1# - ADDED ENTRY--PERSONAL NAME
Personal name Šulc, Dušan,
Dates associated with a name 1912-1995
Relationship edt
700 1# - ADDED ENTRY--PERSONAL NAME
Personal name Kusý, Ivan,
Dates associated with a name 1921-2000
Relationship red
830 #0 - SERIES ADDED ENTRY--UNIFORM TITLE
Uniform title Essaye
942 ## - ADDED ENTRY ELEMENTS (KOHA)
Source of classification or shelving scheme Dewey Decimal Classification
Koha item type Krásna literatúra pre dospelých
Suppress in OPAC No
949 ## - LOCAL PROCESSING INFORMATION (OCLC)
6 17A0267281
a snkSD 5769/1 D1
b snkKSF 101/56
949 ## - LOCAL PROCESSING INFORMATION (OCLC)
6 17A0572069
a snkSD 5769/1 D2
b snkK 2756/65
949 ## - LOCAL PROCESSING INFORMATION (OCLC)
6 369701000014854
a aubbL 10200
b aubbL10200
949 ## - LOCAL PROCESSING INFORMATION (OCLC)
6 17A1185229
a snkSD 5769/1
b snk5324/47
o snkI. 829/47 - druhé ev. číslo
s 6100:20181128
949 ## - LOCAL PROCESSING INFORMATION (OCLC)
6 270001000631702
a svkbbS 39499
b svkbbm 20451
Holdings
Stav vyradenia Strata Poškodenie Spôsob nadobudnutia Domovská knižnica Aktuálna knižnica Dátum nadobudnutia Total checkouts Čiarový kód exemplára Date last seen Typ exemplára
      Dar Obecná knižnica Horná Štubňa Obecná knižnica Horná Štubňa 07.02.2026   4736201111 07.02.2026 Krásna literatúra pre dospelých
Projekt je podporený Slovenskou asociáciou knižníc
Prevádzkuje Turčianska knižnica Martin 2026